[Event "FIDE-Wch"]
[Site "Elista"]
[Date "1996.06.12"]
[Round "4"]
[White "Kamsky, Gata"]
[Black "Karpov, Anatoly"]
[Result "0-1"]
[WhiteElo "2735"]
[BlackElo "2770"]
[Annotator "Gurevich,M"]
[PlyCount "90"]
[EventDate "1996.06.06"]
[EventType "match"]
[EventRounds "18"]
[EventCountry "RUS"]
[SourceTitle "CBM 054"]
[Source "ChessBase"]
[SourceDate "1996.10.01"]
[SourceVersion "1"]
[SourceVersionDate "1996.10.01"]
[SourceQuality "1"]

1. e4 {Blatny,P Ftacnik Karpov Baburin} c6 2. d4 d5 3. exd5 cxd5 4. c4 Nf6 5.
Nc3 e6 6. Nf3 Bb4 7. cxd5 Nxd5 8. Bd2 Nc6 9. Bd3 Be7 10. O-O O-O 11. Qe2 Nf6
12. Ne4 Qb6 {An improvement compare with 12...Bd7 ,played in the 2nd game of
the match. The battle of the "home`s analysis" starts...  Baburin: An
improvement compared to 12...Bd7, which Karpov played in the 2nd game of the
match. 12...Bd7 -> Kamsky-Karpov (02)} (12... Nxd4 13. Nxd4 Qxd4 14. Bc3 Qd8
15. Nxf6+ Bxf6 (15... gxf6 16. Qg4+ Kh8 17. Qe4) 16. Rad1 Qe7 17. Qe4 g6 18.
Bb4 {VG}) (12... Bd7 {Kamsky-Karpov (Elista WM/2)}) 13. a3 Bd7 (13... Qxb2 $2 {
Ftacnik} 14. Rfb1 Nxd4 15. Nxf6+ Bxf6 16. Qe4 $18 (16. Qe4 {Blatny,P} Nxf3+ 17.
gxf3 $18)) 14. Rfd1 {Here the main difference with 12...Bd7 is seen. White
can`t develope the rooks in the most natural way, as} (14. Rad1 Qxb2) (14. Ne5
$5 {Ftacnik} Be8 $5 (14... Nxd4 $2 15. Nxf6+ Bxf6 (15... gxf6 16. Qg4+ Kh8 17.
Bh6 Rg8 18. Nxf7#) 16. Qe4 Nf5 17. Nxd7 $18) (14... Qxd4 $2 15. Bc3 Qd5 16.
Rad1 Rfd8 (16... Nxe5 17. Nxf6+ Bxf6 18. Bxh7+ Kxh7 19. Rxd5 exd5 20. Bxe5 $18)
17. Nxf6+ Bxf6 18. Bxh7+ Kxh7 19. Qh5+ Kg8 20. Qxf7+ Kh7 21. Rxd5 $18) (14...
Rad8 15. Nc4 Qc7 16. Nxf6+ Bxf6 17. Qe4 g6 18. Bf4 $14) (14... Rfd8 $2 15.
Nxf6+ Bxf6 16. Bxh7+ Kxh7 17. Qh5+ Kg8 18. Qxf7+ Kh7 (18... Kh8 19. Nxd7 $18)
19. Nxd7 $18) 15. Nxf6+ Bxf6 16. Qe4 g6 17. Bh6 Bg7 18. Bxg7 Kxg7 $10) 14...
Rad8 (14... Nxd4 15. Nxd4 Qxd4 16. Bc3 Qa4 17. Nxf6+ Bxf6 18. Bxf6 gxf6 19. b3
$1 Qa5 20. Bxh7+ $14 (20. Bxh7+ Kxh7 21. Rxd7 $16)) (14... Qxb2 $2 15. Nxf6+ (
15. Rdb1) 15... gxf6 (15... Bxf6 16. Qe4 g6 17. Rdb1 $18) 16. Rdb1 Nxd4 17.
Rxb2 Nxe2+ 18. Bxe2 $18) (14... Rfd8 {Blatny,P קf7}) 15. Nxf6+ (15. b4 $5)
15... Bxf6 {1.03-0.31} 16. Qe4 g6 17. Be3 {[/\18.Qf4,19.d5] /\ 18.d5 /\18.d5;
18.Qf4 19.d5} Ne7 $1 {The black knight goes to "f5",and opens the space for
"d7" bishop. I don`t think, that Kamsky`s team had this position at home.
Karpov`s analysis prevail...May be his last manoeuvre was missed in the
challenger`s preparation  Baburin. From this position the knight controls the
d5-square, while vacating the c6-square for the bishop. Later the knight can
be brought to f5, putting pressure on the isolani. /\ 18...Nd5, 18...Nf5 /\Nf5,
Bc6} 18. Ne5 (18. Qf4 Nd5 (18... Nf5) (18... Nf5 $5 {Baburin}) (18... Nf5 {
Blatny,P})) (18. d5 Qxb2 $17 (18... Qxb2 19. Rab1 Qxa3 20. Rxb7 exd5 21. Qf4
Qa4 $17)) 18... Nf5 {A modern approach of dealing with an isolated pawn. In
the past Masters was blocking the "isolater", nowdays they attaque it... 
Baburin: Black's strategy is succeeding, as the isolani cannot be advanced and
is already under some pressure. In the meantime White has no real play on any
of the flanks. /\->Pd4} (18... Nd5) (18... Nd5 $15 {Blatny,P}) 19. Nc4 (19.
Nxd7 Rxd7 $15 {[><d4,b2]}) (19. d5 $2 Nxe3 20. Nxd7 Rxd7 21. dxe6 Nxd1 22. exd7
Nxf2 $19) 19... Qa6 $1 {[/\20...Bb5] [/\20...Bb5] /\ 20...Bb5, Ba4 /\20...Bb5}
(19... Qb3 20. Na5 Qa4 (20... Qxb2 21. Nxb7 (21. Qxb7 Qxb7 22. Nxb7 Nxe3 23.
fxe3 Rb8 24. Rab1 Bc6 $15) 21... Nxe3 22. fxe3 Rc8 $15)) 20. a4 (20. Ne5 Bb5
$15) 20... Bc6 21. Qf4 {/\ 22.g4} Bd5 $15 {This bishop is like "a bone in the
throat" for white.Anatoly blocks the pawn in an "old fashion", as it wasn`t
possible to take it in a "style modern":} (21... Bxd4 $2 22. Bxf5 Bxe3 23. Nxe3
exf5 24. Nxf5 $1 $36 (24. Nxf5 $1 {Baburin} Rxd1+ 25. Rxd1 Qxa4 26. Ne7+ Kg7
27. Nf5+ $10)) 22. Ne5 (22. g4 $4 {Karpov} g5 $1) 22... Qb6 23. Bxf5 (23. g4 $2
{Karpov} g5 $19) (23. Ng4 Bg7 24. Rd2 Qb4 $15) 23... exf5 24. Rd2 Bg7 {Black
is certainly better with the two powerfull bishops. Anatoly starts to
demonstrate his famous "boa constrictor`s" technik, narrowing rings around an
opponents neck. And white don`t have any counterplay...} 25. h4 Rfe8 26. Qg3
Rc8 {All black pieces in a perfect positions. Kamsky may only wait and see...}
(26... h6 $5 {Karpov /\ 27...Kh7}) 27. Nd7 (27. Nd3 $142 {Karpov}) (27. a5 {
Ftacnik} Qb5 $17) (27. Nd3 $142 {Blatny,P}) 27... Qc6 (27... Qd8 $5 {Karpov}
28. Nc5 b6 29. Nd3 Re4) 28. Nc5 {1.36-1.29 Trying to complicate the position.}
b6 29. Nd3 Qd7 (29... Be4 $5) (29... Be4 $5) 30. a5 (30. Ne5 {Ftacnik} Qe6 31.
a5 b5 32. Nd3 $15) 30... Re4 $1 {With a deadly threat.[/\ 31...Rg4]
Threatening Re4-g4. /\ 31...Rg4 -+ /\ 31...Rg4} 31. Nf4 (31. axb6 Rg4 (31...
axb6 $17 {G.M.}) (31... axb6 $17) 32. Rxa7 Qe8 33. Qd6 Rxg2+ 34. Kf1 Qe4 $40 {
With a numerous threats. V.G.} 35. Qf4 Rg1+ 36. Ke2 Qg2 37. Rd1 {Not as clear
yet.}) 31... b5 32. Rdd1 (32. Nxd5 Qxd5 $17 (32... Qxd5 {Ftacnik} 33. Rad1 b4
$17)) 32... Bc4 {:Nd3,Ne2} 33. Rac1 (33. h5 $5 {was probably the best
counterchance.}) (33. h5 $5) 33... h6 {prevents h4-h5,whites last hope for a
counterplay. :h4-h5} 34. Rc3 (34. h5 {Karpov} g5) (34. Rc2 {Ftacnik} Rc6 35.
Rcd2 Rd6 $17) 34... b4 35. Rc2 Rc6 $1 36. Rdc1 (36. d5 {Karpov} Rc8 (36... Be5
$1 {Ftacnik} 37. Rcd2 Rd6 $17) 37. Rdc1 b3 $17) 36... Bb5 37. Kh2 (37. Rxc6 {
Ftacnik} Bxc6 38. d5 Bb7 $17) 37... Kh7 38. Rxc6 Bxc6 39. Rc4 (39. d5 $1 $8 {
Karpov}) 39... Bf8 $1 {With a powerful threat[/\40...Bd6]. It`s very typical
for Karpov. He doesn`t go for tactical /\40...Bd6} (39... Bxd4 40. Rxb4 (40.
Bxd4 Rxd4 41. Qb3 Rxc4 42. Qxc4 $15) 40... Bxe3 41. Rxe4 Bxf2 42. Qxf2 fxe4 $17
{, but improves the position of his pieces, in order not to give any
opportunis to his opponent. A very original understanding of the game...}) 40.
Nd3 (40. Rc2 {Ftacnik} Bd6 $17) 40... Qe6 {/\ 41...Q:c4, 41...Rg4 /\Rg4,צc4} (
40... Qd5 $1 $19 {V.G. A typical "computer`s suggestion. Wins immediately, by
the way.} 41. Ne5 (41. Rc1 Bd6 (41... Rxh4+ $40) (41... Rxh4+ $40) 42. Ne5 Bxe5
43. dxe5 Rxh4+ 44. Kg1 Rg4 $19) (41. Rc2 Rg4 42. Nf4 Qd6 $19) 41... Rxe5 42.
Rxc6 Rxe3 $19) (40... Qd5 $1 $19) (40... Rg4 $140 $2 41. Ne5 $1 $132) 41. d5 (
41. Rc1 Bd6 {V.G.} 42. Bf4 (42. Ne5 Bxe5 43. dxe5 Rg4 $19) (42. Nf4 Qd7 $17)
42... Rxf4 43. Nxf4 (43. Rxc6 Rxh4+ 44. Kg1 Bxg3) 43... Qe4 $19) (41. Rc2 {
Ftacnik} Rg4 $19) 41... Bxd5 (41... Bd6 $4 {Karpov} 42. Bf4 (42. Nf4 Bxd5 43.
Nxe6 (43. Rxe4 Qxe4 $19) 43... Bxg3+ 44. fxg3 Bxc4 $19) (42. dxe6 Bxg3+ 43.
Kxg3 Rxc4 44. exf7 Kg7 45. Bxh6+ $1 Kxf7 46. Ne5+ $18) 42... Qxd5 43. Rxe4 fxe4
44. Bxd6 exd3 $19) (41... Qxd5 $6 {Karpov} 42. Rxe4 fxe4 43. Ne5 Bd6 (43... Bb5
44. Ng4 $132) 44. Bf4 Bxe5 45. Bxe5 Qxa5 46. Bd4 {/\ Qg3-b8}) 42. Rxe4 (42. Nc5
Bd6 $19) (42. Nf4 Bd6 {Wouldn`t make white`s life any easyer.}) 42... Bxe4 (
42... fxe4) 43. Bxa7 $2 (43. Nc5 Qd5 44. Nxe4 fxe4 {Karpov /\45...Bd6} 45. Qh3
$8 (45. Bxa7 $2 Bd6 46. f4 exf3 $19) 45... Qxa5 46. Qd7 Qa2 $1 47. Qxa7 (47.
Bxa7 Bg7 $1 48. Bc5 Qxb2 $1 49. Qxf7 Qe5+ $19) 47... Qxa7 48. Bxa7 b3 {/\
Bf8-g7} 49. Bd4 Bg7 50. Bxg7 Kxg7 51. Kg3 f5 (51... g5 $5) 52. Kf4 Kf6 53. g4
h5 54. gxf5 gxf5 $19) (43. Bc5 Bxc5 44. Nxc5 Qe7 45. Nxe4 fxe4 46. Qf4 $17 {
Would be much more stubborn}) (43. Nf4 Qa6 $5 $19) (43. Ne5 a6 $1 44. Bd4 Qd5
$1 45. Qe3 f4 46. Qd2 Bg7 $19) 43... Bd6 (43... Qa6 $2 {Karpov} 44. Bc5 $1) (
43... Qd7 $2 {Karpov} 44. Bc5 $1) 44. Nf4 (44. f4 Qd7 $1 $19 45. Bb6 (45. Bd4
Bxd3 46. Qxd3 Bxf4+ 47. g3 (47. Kh3 Be5 $19) 47... Be5 $19) (45. Bf2 {Ftacnik}
Bxd3 46. Qxd3 Bxf4+ $19) 45... Bxd3 46. Qxd3 Bxf4+) 44... Qe5 {The game is
over.} 45. Nh3 {Karpov} (45. Be3 Qxa5 $17 (45... Qxb2 46. a6 Qa1 47. a7 b3 $19)
(45... Qxb2 $19 {Ftacnik})) 45... Qe7 0-1

[Event "FIDE-Wch"]
[Site "Elista"]
[Date "1996.06.14"]
[Round "5"]
[White "Karpov, Anatoly"]
[Black "Kamsky, Gata"]
[Result "1/2-1/2"]
[WhiteElo "2770"]
[BlackElo "2735"]
[Annotator "Gurevich,M"]
[PlyCount "46"]
[EventDate "1996.06.06"]
[EventType "match"]
[EventRounds "18"]
[EventCountry "RUS"]
[SourceTitle "CBM 054"]
[Source "ChessBase"]
[SourceDate "1996.10.01"]
[SourceVersion "1"]
[SourceVersionDate "1996.10.01"]
[SourceQuality "1"]

1. d4 {Ftacnik} Nf6 2. c4 g6 3. Nc3 d5 4. Nf3 Bg7 5. Qb3 dxc4 6. Qxc4 O-O 7. e4
a6 8. e5 b5 9. Qb3 Nfd7 10. e6 fxe6 11. Qxe6+ Kh8 12. Qe4 (12. Ng5 Ne5 $1 13.
Qd5 Qxd5 14. Nxd5 Nec6 15. Nxc7 Ra7 16. Nce6 Nxd4 $1 $15 {Urvalov-Nadanian,A
corr 1989}) 12... Nb6 13. Qh4 (13. Be2 {Ftacnik} Bf5 14. Qh4 Nc6 15. Bh6 e5 16.
Ng5 Bxh6 17. Qxh6 Qe7 18. dxe5 Nd4 19. Rd1 c5 20. Rd2 b4 21. Nd1 Nd5 22. Bc4
Nf4 23. Nf7+ Rxf7 24. Qxf4 Be6 25. Qe4 {Portisch,L-Adorjan,A/Amsterdam IBM (15)
/1971/0-1 (59)}) 13... Nc6 (13... Rxf3 {Ftacnik} 14. gxf3 Nc6 15. Bh6 Bf6 16.
Bg5 Bxd4 17. O-O-O b4 18. Be3 Bxe3+ 19. fxe3 Qg8 20. Qe4 bxc3 21. Qxc6 cxb2+
22. Kb1 h5 23. Bd3 {1-0 Rajkovic,D-Zakic,S/JUG-chT Tivat (05)/1995/ (35)}) 14.
Bd3 $5 {TN [/\15.Bxg6]} (14. Bh6 e5 (14... Bf5 {Ftacnik} 15. Bxg7+ Kxg7 16. Be2
Qd6 17. O-O Rad8 18. Rfd1 Qf6 19. Qxf6+ Rxf6 20. Rac1 Rfd6 21. d5 Nb4 22. Nd4
N4xd5 23. Nxd5 Nxd5 24. Bf3 Nb4 25. Nxf5+ gxf5 26. Rxd6 Rxd6 27. Rxc7 Kf6 {
1/2-1/2 Ostenstad,B-Sigfusson,S/Reykjavik op/1988/ (49)}) 15. Qxd8 Rxd8 16.
Bxg7+ Kxg7 17. Nxe5 Nxd4 18. O-O-O Bb7 19. f3 c5 {1/2 1/2 Bronstein,D-Pein,M
Wrexham 1995}) 14... Rxf3 $5 (14... e5 15. Bg5 (15. Ng5) 15... Qd6 16. Ne4 Qe6
$13) (14... Bf5 $5 15. Ng5 (15. Bxf5 Rxf5 16. Be3 e5) 15... h5 16. Bxf5 Rxf5
17. Ne6 Qd6 18. Nxg7 Kxg7 19. Be3 Nc4 $36) 15. gxf3 (15. Bxg6 $2 Qg8 16. gxf3
Bf6 17. Qe4 Qxg6 18. Qxc6 (18. Qxg6 hxg6 $17) 18... Qg2 19. Ke2 (19. Rf1 Bh3
$19) 19... Bd7 (19... Qxh1 20. Qe8+ Kg7 21. Bh6+ Kxh6 22. Rxh1 $16) 20. Qxc7
Qxh1 21. Qxb6 Bh3 $1 $40) 15... Nxd4 16. Be4 Bf5 $1 17. Be3 (17. Bxa8 Qxa8 $17
(17... Qxa8 18. Kf1 (18. Qxe7 Nxf3+ 19. Kd1 Bxc3 $19) 18... Qxf3 19. Rg1 (19.
Kg1 Bh3 20. Qg3 Qd1+ $1 21. Nxd1 Ne2#) 19... Bd3+ 20. Ke1 Nc2+ 21. Kd2 Nc4+ 22.
Qxc4 Bh6+ 23. Qf4 Bxf4#)) 17... c5 18. Bxd4 $1 {Eliminates the most dangerous
enemy.} (18. O-O-O {Ftacnik} Bxe4 (18... Qg8 $6 19. Bxa8 Qxa2 20. Bxd4 (20.
Nxa2 $2 Nb3#) (20. Be4 Qa1+ 21. Kd2 Qxb2+ 22. Ke1 Qxc3+ $40) 20... Qa1+ 21. Kd2
Qxb2+ 22. Ke1 Bxd4 (22... cxd4 23. Nd5 $1 Nxa8 24. Qxe7) 23. Ne2 Nxa8 24. Qxe7
$16) 19. Nxe4 Qg8 20. Kb1 Nc4 $132) 18... cxd4 (18... Bxd4 19. Bxa8 Bf6 20. Qf4
Qxa8 21. O-O $13) 19. Rd1 Rc8 (19... e5 {Ftacnik} 20. Qxd8+ Rxd8 21. Rg1 $10)
20. Rg1 $1 {[/\21.Rxg6]It`s appeares,that white king is safe enough in the
center.} (20. O-O {Ftacnik} Qg8 21. Ne2 Bf6 22. Qh6 Bxe4 23. fxe4 Qxa2 24. Nxd4
Qxb2 $17) 20... Bf6 21. Qh6 Bg7 (21... Nc4 22. Nd5 Bg7 (22... Bxe4 23. fxe4 (
23. Nxf6 exf6 24. fxe4 Kg8 $5 $36) 23... Bg7 24. Qh4 Nxb2 25. Nxe7 {with the
creasy complications}) 23. Qh4 $13 (23. Qh4 Bxe4 (23... e6 {Ftacnik} 24. Ne7
Bf8) 24. fxe4 Nxb2 25. Nxe7 Nxd1 26. Nxg6+ Kg8 27. Ne7+ Kh8 28. Kxd1 $14)) 22.
Qh4 Bf6 23. Qh6 Bg7 {The position is very duble edged.The opponents wisely
decided to repeat the moves avoiding an extra risk.} 1/2-1/2

[Event "FIDE-Wch"]
[Site "Elista"]
[Date "1996.06.16"]
[Round "6"]
[White "Kamsky, Gata"]
[Black "Karpov, Anatoly"]
[Result "0-1"]
[WhiteElo "2735"]
[BlackElo "2770"]
[Annotator "Gurevich,M"]
[PlyCount "58"]
[EventDate "1996.06.06"]
[EventType "match"]
[EventRounds "18"]
[EventCountry "RUS"]
[SourceTitle "CBM 054"]
[Source "ChessBase"]
[SourceDate "1996.10.01"]
[SourceVersion "1"]
[SourceVersionDate "1996.10.01"]
[SourceQuality "1"]

{King: And now the sixth game of the Kamsky-Karpov match featuring a superb
king march from the former world champion.} 1. e4 {Blatny,P Ftacnik Karpov King
} e5 2. Nf3 Nf6 3. d4 Nxe4 4. Bd3 d5 5. Nxe5 Nd7 6. Nxd7 Bxd7 7. O-O Bd6 8. Nc3
{King: At first glance Black has a few problems here as he has yet to castle.
For instance, if 8...Nxc3 9 bxc3 0-0, then White wins a pawn with 10 Qh5,
threatening mate and the pawn on d5. Apparently Karpov thought for 42 minutes
at the board over his next move. It is hard to divine whether he forgot his
analysis or whether this was over the board inspiration.} (8. c4 {Karpov}) (8.
c4 {Blatny,P main line}) 8... Qh4 {N This move took 42 min of Karpov`s
thinking. Did Karpov forget his analysis , what happens to him periodically in
some last years? By moving his own queen over to the kingside, Karpov gets in
there before Kamsky, but there is a price to pay.} (8... Nxc3) (8... Nxc3 {
Karpov} 9. bxc3 (9. Qe1+ Qe7 10. Qxc3 O-O 11. Qb3 Bc6 $10) 9... Qh4 (9... O-O
10. Qh5 f5 $14) (9... Qf6 {Ftacnik} 10. Qh5 h6 11. Qxd5 O-O 12. g3 Rfe8 13. Bd2
g6 14. Qxb7 Rab8 15. Qg2 c5 16. Be3 g5 17. Qd5 Be6 18. Qxd6 Qf3 19. Rfe1 Bd5
20. Kf1 c4 21. Bg6 {1-0 Jazbinsek,S-Habjanic,D/SLO-chJ/1993/ (40)}) 10. Re1+)
9. g3 (9. h3 $2 {Karpov} Bxh3) 9... Nxc3 10. bxc3 (10. Qe1+ {Karpov} Qe7 $10
11. Qxc3 O-O 12. Qb3 Bc6) 10... Qg4 {/\><h3,g4,f3} (10... Qf6 {Ftacnik} 11. Qh5
Qe6 (11... h6 12. Re1+ Kf8 13. Qxd5 c6 14. Qb3 b6 15. Ba3 g6 16. c4 Bxa3 17.
Qxa3+ Kg7 18. c3 Rhd8 19. c5 Bf5 20. Bf1 Be6 21. Re5 Bd5 22. Bg2 Bxg2 23. Kxg2
{Jenni,F-Pihlajasalo,A/WchJM-U16 Guarapuava (09)/1995/0-1 (62)}) 12. Bf4 g6 13.
Qg5 Be7 14. Qh6 Bf8 15. Qg5 f6 16. Qh4 O-O-O 17. Bxg6 hxg6 18. Qxh8 Qf7 19. Bh6
Bd6 20. Qg7 Qe6 21. Qxg6 {1-0 Kveinys,A-Maciejewski,M/Gdynia Dreszer op (09)/
1989/ (33)}) 11. Re1+ Kd8 {And this move Anatoly played without any thinking...
King: Brilliant judgement. Karpov has correctly assessed that his king, at
least in the short-term, is secure in the centre of the board - though he has
to play with extreme accuracy to prove the worth of his idea.} (11... Kf8 $5) (
11... Kf8 $5 {Blatny,P}) 12. Be2 {A bit unnatural move.} (12. Qxg4 Bxg4 13. Rb1
b6 (13... Rb8 {Ftacnik} 14. Kg2 Kd7 $10) 14. c4 c6 $13 {The endgame doesn`t
look better for white}) 12... Qf5 13. Rb1 (13. c4 $142 {Karpov} dxc4 14. Bxc4)
13... b6 14. c4 dxc4 (14... c6 $6 {Karpov} 15. c5 $1 bxc5 (15... Bc7 16. c4 $36
) 16. c4 $36) 15. Bxc4 Re8 (15... h5 {Karpov} 16. Bd3 Qg4 17. Be2) 16. Be3 {
King: Kamsky has used a pawn break (c3-c4) to open the position, and threatens
to retreat the bishop on c4 to f1, or perhaps d3, then push c-pawn number two
up to c5. It looks as though Karpov is about to fall on the defensive, but he
finds a clever response which at a stroke leaves his position more secure than
before. /\c4-c5->} (16. Rxe8+ Kxe8 17. Bd3 (17. Qe2+ {Ftacnik} Kf8 $10) 17...
Qd5 (17... Qh3 18. Qf3 Rd8 (18... Rc8 19. Bf4 $36) 19. Bg5 $36) 18. c4 (18.
Qe2+ Kf8 $15 19. Be4 Re8 $17) 18... Qxd4 19. Bb2 Qg4 (19... Qc5 20. Bxg7) 20.
Qxg4 Bxg4 21. Bxg7 h5 $13) 16... Bc6 $1 {[/\17...Qe4], what practically forces
the next white`s move.  King: Kamsky cannot allow the bishop to remain on the
long diagonal as it would simply be too dangerous for his king. For instance,
the plan I mentioned on the last turn of 17 Bf1, would be met by 17... Qd5.  /
\17...Qe4} (16... Re7 17. Bf1 Ke8 18. Bg2 Rd8 19. c4 $14) 17. d5 (17. Bf1 $2 {
Ftacnik} Qd5) 17... Bd7 {King: Forcing White to play the pawn to d5 has
achieved three things. First, the plan I mentioned of retreating the bishop,
then playing c2-c4-c5 is far less effective - Black's bishop on d6 would
remain secure after an exchange of pawns; second, the mobility of the bishop
on c4 has been restricted by the pawn on d5; and thirdly, the bishop on d6 has
become a better piece as it potentially has the c5 and e5 squares available
for its use.} 18. Bf1 (18. Bd3 $5 {Karpov} Qxd5 $2 (18... Qg4 $1 19. Be2 Qg6)
19. c4 Qa5 (19... Qc6 20. Qh5 $1 {x f7, h7}) 20. Qf3 {x f7, a8}) 18... h6 {
King: Karpov wants to prevent a bishop landing on g5 after White plays Qd2.
This far-sighted little move is an essential prelude to the regrouping that
follows.} (18... Ba4 $5 19. Re2 Re5 20. Bg2 Kd7 $13 {(/\21...Rae8)V.}) 19. c4
Re7 20. Bd3 $6 {[><f3,h3] ><f3,h3} (20. Qd2 Ke8 21. Bd4 Rxe1 22. Rxe1+ Kf8 $10)
20... Qf6 21. Kg2 $6 (21. Bf1 {(/\22.Bg2) /\22.Bg2} Ke8 22. Bg2 Kf8 $15) (21.
Qc2 $5 {Ftacnik} Ke8 22. c5 bxc5 23. Bxc5 Bxc5 24. Qxc5 Qd6 25. Qxd6 (25. Qxa7
$6 Rxa7 26. Rb8+ Bc8 27. Rxc8+ Kd7 28. Bf5+ Re6 29. dxe6+ Ke7 30. exf7+ Kxf7
$15) 25... cxd6 26. Rxe7+ Kxe7 27. Rb7 $14) 21... Ke8 {/\ Ke8-f8-g8, Ra8-e8 /
\Kf8,Rae8} 22. Bc2 {[/\23.Ba4] /\23.Ba4} Qc3 $1 23. Bb3 (23. Qd3 $10) (23. Qd3
$142 $10 {Karpov}) (23. Bd4 {Ftacnik} Rxe1 (23... Qxc4 24. Bb3 Qa6 25. Bxg7 $16
) 24. Qxe1+ Qxe1 25. Rxe1+ Kf8 $10) (23. Qd3 $10 {Blatny,P}) 23... Kf8 24. Rc1
(24. Qd4 $6 {Ftacnik} Qxd4 25. Bxd4 Rae8) 24... Qf6 25. Bc2 (25. c5 bxc5 26.
Bxc5 Bxc5 (26... Rxe1 27. Qxe1 Re8 $36) (26... a5 $5 $132 {Karpov}) (26... a5
$132 {Blatny,P}) 27. Rxc5 Bg4 28. Qxg4 $8 Rxe1 29. Rxc7 $44 {(/\30.d6) /\30.d6}
Re7 30. Rc6) 25... Rae8 $15 {King: How Karpov does it, I don't know. He has an
uncanny ability to coordinate his forces so that they are at their most
efficient. Notice how he has arranged his pieces so that they do not stand in
each other's way, and they are all protected; there appears not to be a single
weakness in his whole army. Compare this position with the one where he played
11... Kd8; it is hard to imagine that he would be able to achieve such harmony.
With his king safe, his rooks doubled and White's kingside weakened, the
initiative has passed over to Karpov.} 26. Qd3 {><f3} Bg4 {King: Kamsky must
have been angling to play the queen down to h7, but now that he is here he
must have realised that 27 Qh7 would have been met by 27...g5!, when White can
make no further progress, and then he must suddenly deal with the threats to
his own king.} 27. Bd2 $2 {A decisive mistake in the difficult position.  King:
This must have been due to time pressure. Kamsky cracks.} (27. Bd4 $2 Qf3+ 28.
Qxf3 Bxf3+ 29. Kf1 Rxe1+ 30. Rxe1 Bg2+ 31. Kxg2 Rxe1 $17) (27. Qh7 g5 $17 (
27... Bf3+ {Ftacnik} 28. Kg1 g5 $10)) (27. Bd1 Bf5 28. Qd2 Ba3 $17) (27. f4 {
Karpov} Bc5 (27... Bf5 {Ftacnik} 28. Qxf5 Qxf5 29. Bxf5 Rxe3 $10) 28. Bxc5 bxc5
29. Rxe7 Rxe7 30. Bd1 Re1 31. Rb1 Qf5 32. Qxf5 Bxf5 33. Rb8+ Ke7 34. Bf3 Ra1
35. Rb2 Bb1 $1 $15) 27... Re2 28. Rxe2 (28. Be3 Qf3+ 29. Kg1 Bh3 $19) (28. Rf1
{Ftacnik} Rxd2 $1 29. Qxd2 Qf3+ 30. Kg1 Bh3 $19) 28... Rxe2 29. Rf1 (29. Be1 {
Karpov} Bc5 $19 {x f2}) (29. Be3 Qf3+ 30. Kg1 Rxc2 $1 31. Qxc2 Bh3 $19) 29...
Rxd2 (29... Rxd2 30. Qxd2 Qf3+ 31. Kg1 Bh3 32. Be4 Qxe4 $19 (32... Qxe4 {Karpov
} 33. f3 Bc5+ 34. Kh1 Qf5 35. g4 Qf6 $19)) 0-1